Flora das cangas da Serra dos Carajás, Pará, Brasil: Cactaceae (Registro n. 331436)
[ somente texto ]
| 000 -LÍDER | |
|---|---|
| fixed length control field | 01953nab a2200241 i 4500 |
| 003 - CÓDIGO MARC DA AGÊNCIA CATALOGADORA | |
| Campo de controle | BR-BrBNA |
| 005 - DATA E HORA DA ÚLTIMA ATUALIZAÇÃO | |
| Campo de controle | 20250512151428.0 |
| 008 - CAMPO DE TAMANHO FIXO | |
| fixed length control field | 250512b2017 bl.qr|pooa||| 00| 0 por | |
| 040 ## - FONTE DA CATALOGAÇÃO | |
| Agência catalogadora | BR-BrBNA |
| Idioma da catalogação | por |
| 072 ## - CATEGORIA AGRIS | |
| Código AGRIS | F70 |
| 100 ## - ENTRADA PRINCIPAL - NOME PESSOAL | |
| Nome pessoal | Zappi, Daniela Cristina |
| 100 ## - ENTRADA PRINCIPAL - NOME PESSOAL | |
| Nome pessoal | Taylor, Nigel Paul |
| 245 ## - TÍTULO PRINCIPAL | |
| Título principal | Flora das cangas da Serra dos Carajás, Pará, Brasil: Cactaceae |
| 500 ## - NOTA GERAL | |
| Nota geral | Publicação on-line; 8 ref.; 1 illus.; Summaries (En, Pt) |
| 942 ## - ADDED ENTRY ELEMENTS (KOHA) | |
| Koha item type | Analítica |
| 520 ## - NOTA DE RESUMO | |
| Nota de conteúdo | <br/><br/>Resumo<br/><br/>Este estudo compreende as espécies de Cactaceae ocorrendo sobre canga na Serra dos Carajás, estado do<br/>Pará, Brasil, incluindo descrições detalhadas, ilustrações e comentários morfológicos sobre as espécies. Ao<br/>total, foram registradas duas espécies, Cereus hexagonus, rupícola e crescendo tanto sobre afloramentos de<br/>canga como de granito na região, e Epiphyllum phyllanthus uma epífita amplamente distribuída no neotrópico.<br/><br/>Palavras-chave: FLONA Carajás, florística, minério de ferro, taxonomia.<br/><br/><br/><br/><br/>Abstract<br/><br/>The present study comprises species of Cactaceae that occur on iron-stone (canga) substrate at Serra dos Carajás,<br/>in the Brazilian Pará state, including detailed descriptions, illustrations and comments on the morphology of<br/>the species. Two species were recorded in the study area, Cereus hexagonus, a rupicolous species growing<br/>on ferruginous rocks known as canga, and the epiphytic, widely spread Epiphyllum phyllanthus. <br/><br/>Key words: FLONA Carajás, floristics, iron-ore, taxonomy.<br/> |
| 650 ## - ASSUNTO - THESAGRO | |
| Cabeçalho tópico ou nome geográfico | CARAJÁS |
| 650 ## - ASSUNTO - THESAGRO | |
| Cabeçalho tópico ou nome geográfico | COMPOSIÇÃO BOTÂNICA |
| 650 ## - ASSUNTO - THESAGRO | |
| Cabeçalho tópico ou nome geográfico | TAXONOMIA |
| 773 0# - ENTRADA ANALÍTICA | |
| Host Biblionumber | 709 |
| Registro do item | 350025 |
| Imprenta | Rio de Janeiro-RJ Jardim Botanico do Rio de Janeiro 1935 |
| Outro identificador | 2025-2634 |
| Título | Rodriguésia (Brazil) |
| ISSN | 0370-6583; 2175-7860 on-line |
| Colação | v. 68(3 special number) p. 925-929; (2017) |
| Número de controle de registro | BR2025000923 |
| 856 ## - ACESSO E ENDEREÇO ELETRÔNICO | |
| Identificador uniforme de recurso - URI | https://www.scielo.br/j/rod/a/r8DcWDyZWwSQvzJtYxnx6tD/?format=pdf&lang=pt |
Nenhum exemplar disponível.

BINAGRI